000 00520nam a2200193Ia 4500
005 20250326141307.0
008 250326s9999 xx 000 0 und d
020 _a0-13-601436-4
037 _aTextbook
040 _aFMSL
_beng
_cFMSL
041 _aeng
_2eng
084 _aX65 N2
_qFMSL
100 _aFabozzi F J
245 0 _aCapital market
_cFabozzi F J; Modigliani F
260 _aNew Jersey
_bNew Jersey, Printice-Hall
_c1992
300 _a752p
942 _cTB
_hX65 N2
999 _c1289635
_d1289635